Digital system design using programmable logic devices

Tallennettuna:
Bibliografiset tiedot
Päätekijä: Lala, Parag K
Aineistotyyppi: Kirja
Kieli:Spanish
Julkaistu: Englewood Cliffs, N.J. : Prentice Hall, c1990.
Tagit: Lisää tagi
Ei tageja, Lisää ensimmäinen tagi!

MARC

LEADER 00000nam a2200000Ia 4500
003 003382
005 20221231144009.0
008 140114s1990 nyua 000 ||spa d
040 |c cru CEDI 
082 |a 621.395 L193d 
100 |a Lala, Parag K  |9 21863 
245 |a Digital system design using programmable logic devices 
260 |a Englewood Cliffs, N.J. : Prentice Hall,   |c c1990. 
300 |a  xii, 286 páginas : ilustraciones ; 24 cm 
942 |2 ddc  |c BK 
999 |c 15378  |d 15378